MARC

Tag First Indicator Second Indicator Subfields
LEADER 00000cam a2200000Ia 4500
001 in00001997136
005 20151031114353.0
008 020508s2002 dcua f000 0 eng d
035 |a (OCoLC)ocm49747251 
040 |a GSA  |c GSA  |d OCLCQ  |d TXA  |d UtOrBLW 
043 |a n-us-wv 
049 |a TXAM 
090 |a NA4473.B4  |b R62 2002 
245 0 0 |a Robert C. Byrd United States Courthouse and Federal Building :  |b Beckley, West Virginia. 
264 1 |a Washington, D.C. :  |b U.S. General Services Administration, Public Building Service,  |c 2002. 
300 |a 35 pages :  |b illustrations (some color) ;  |c 22 x 22 cm. 
336 |a text  |b txt  |2 rdacontent 
337 |a unmediated  |b n  |2 rdamedia 
338 |a volume  |b nc  |2 rdacarrier 
500 |a "January 2002." 
610 2 0 |a Robert C. Byrd United States Courthouse and Federal Building (Beckley, W. Va.)  |v Designs and plans. 
650 0 |a Courthouses  |z West Virginia  |z Beckley  |v Designs and plans. 
650 0 |a Public buildings  |z West Virginia  |z Beckley  |v Designs and plans. 
600 1 0 |a Byrd, Robert C. 
710 1 |a United States.  |b Public Buildings Service. 
710 1 |a United States.  |b General Services Administration. 
994 |a E0  |b TXA 
948 |a cataloged  |b h  |c 2004/9/27  |d c  |e jlanham  |f 11:59:07 am 
999 |a MARS 
999 f f |s 5dd72cf6-2d91-3941-a6cb-c7c74d04b655  |i 65db74de-f9f7-3071-b78f-754f57749254  |t 0 
952 f f |p ric  |a Texas A&M University  |b Rellis Campus  |c Joint Library Facility  |d Remote Storage  |t 0  |e NA4473.B4 R62 2002  |h Library of Congress classification  |i unmediated -- volume  |m A14850238081 
998 f f |a NA4473.B4 R62 2002  |t 0  |l Remote Storage